SAM Advanced Management Journal <The> Official Journal of the Society for Advanced of Management
Enregistré dans:
| Format: | Publication en série |
|---|---|
| Langue: | anglais |
| Publié: |
New York
The Society for Advanced of Management
1988
|
| Tags: |
Pas de tags, Soyez le premier à ajouter un tag!
|
MARC
| LEADER | 00000nas2a2200000 4500 | ||
|---|---|---|---|
| 001 | s038358 | ||
| 005 | 20250730114149.5 | ||
| 041 | 0 | |a eng | |
| 044 | |a US | ||
| 245 | 1 | 0 | |a SAM Advanced Management Journal |b <The> Official Journal of the Society for Advanced of Management |
| 264 | 1 | |a New York |b The Society for Advanced of Management |c 1988 | |
| 773 | 0 | |w eu_un_cat*s120472 | |